Normal view
MARC view
- Shari Stamford Krause
Entry Personal Name
001 - CONTROL NUMBER
- control field: 9128
003 - CONTROL NUMBER IDENTIFIER
- control field: NUST
005 - DATE AND TIME OF LATEST TRANSACTION
- control field: 20180119191032.0
008 - FIXED-LENGTH DATA ELEMENTS
- fixed length control field: 180119|| aca||aabn | a|a d
040 ## - CATALOGING SOURCE
- Original cataloging agency: NUST
- Transcribing agency: NUST
100 ## - HEADING--PERSONAL NAME
- Personal name: Shari Stamford Krause
670 ## - SOURCE DATA FOUND
- Source citation: Work cat.: (NUST)316538: Shari Stamford Krause, Aircraft Safety : Accident Investigation,Analysis and Applications 2nd/ed, 2003
